Integračné procesy Ruska v postsovietskom priestore diplomová práca

Salvato in:
Dettagli Bibliografici
Autore principale: Sedminová, Nikoleta
Ente Autore: Fakulta medzinárodných vzťahov EU. Katedra medzinárodných ekonomických vzťahov a hospodárskej diplomacie
Altri autori: Kunychka, Mykhaylo, 1990-
Natura: Libro
Lingua:slovacco
Pubblicazione: Bratislava 2019
Tags: Aggiungi Tag
Nessun Tag, puoi essere il primo ad aggiungerne!!

MARC

LEADER 00000nbm a2200000 4500
001 0257816
005 20191002144446.6
041 0 |a slo 
044 |a SK 
245 1 0 |a Integračné procesy Ruska v postsovietskom priestore  |b diplomová práca  |c Nikoleta Sedminová ; školiteľ: Mykhaylo Kunychka 
264 1 |a Bratislava  |c 2019 
300 |a 73 s. 
100 1 |a Sedminová, Nikoleta 
700 1 |a Kunychka, Mykhaylo, 1990- 
710 2 |a Fakulta medzinárodných vzťahov EU. Katedra medzinárodných ekonomických vzťahov a hospodárskej diplomacie